[Event "Niedersachsen-ch op-A"]
[Site "Verden"]
[Date "2013.01.03"]
[Round "1"]
[White "Juenemann, Marcel"]
[Black "Schmidt, Karsten Ruediger"]
[Result "1-0"]
[WhiteElo "1884"]
[BlackElo "1753"]
[PlyCount "87"]
[EventDate "2013.01.03"]
[EventType "swiss"]
[EventRounds "7"]
[EventCountry "GER"]
[SourceTitle "EXT 2014"]
[Source "ChessBase"]
[SourceDate "2013.11.20"]
[SourceVersion "1"]
[SourceVersionDate "2013.11.20"]
[SourceQuality "1"]

1. e4 g6 2. d4 Bg7 3. f4 c6 4. Nf3 d5 5. e5 Bg4 6. Be3 Qb6 7. b3 Nh6 8. h3 Nf5 9. Bf2 Bxf3 10. Qxf3 h5 11. c3 h4 12. Bd3 e6 13. 0-0 Bf8 14. Nd2 Ba3 15. Rab1 a5 16. Rfe1 Nd7 17. Nf1 c5 18. c4 Qc6 19. Bxf5 gxf5 20. Ne3 cxd4 21. cxd5 Qc3 22. dxe6 fxe6 23. Nc4 Qxf3 24. gxf3 Bc5 25. Nd6+ Ke7 26. Nxb7 Bb6 27. Rbd1 Rac8 28. Re2 d3 29. Rxd3 Rc1+ 30. Kh2 Bxf2 31. Rxf2 Rg8 32. Rfd2 Nb6 33. Rd1 Rc2+ 34. R3d2 Rc3 35. Nxa5 Nd5 36. b4 Rg3 37. Rg1 Rcxf3 38. Rxg3 Rxg3 39. Nc6+ Ke8 40. Rf2 Kd7 41. b5 Kc7 42. Nd4 Kd7 43. Rf3 Rxf3 44. Nxf3 1-0

[Event "Hannover-ch U18"]
[Site "Bueckeburg"]
[Date "2007.11.04"]
[Round "7"]
[White "Juenemann, Marcel"]
[Black "Olkhovskiy, Vladislav"]
[Result "0-1"]
[WhiteElo "1749"]
[BlackElo "1416"]
[PlyCount "68"]
[EventDate "2007.11.01"]
[EventType "swiss"]
[EventRounds "7"]
[EventCountry "GER"]
[SourceTitle "EXT 2021"]
[Source "ChessBase"]
[SourceDate "2020.10.23"]
[SourceVersion "1"]
[SourceVersionDate "2020.10.23"]
[SourceQuality "1"]

1. e4 e5 2. Nf3 Nc6 3. Bb5 a6 4. Ba4 b5 5. Bb3 Bb7 6. 0-0 Bc5 7. c3 d6 8. d4 exd4 9. cxd4 Bb6 10. Ng5 Nh6 11. Qh5 Qf6 12. d5 Nd4 13. Be3 Nxb3 14. axb3 Bc8 15. Bxb6 Bg4 16. Qh4 cxb6 17. Nc3 b4 18. Nb5 0-0 19. Nc7 Ra7 20. Nb5 Re7 21. Rxa6 Be2 22. Rxb6 Bxf1 23. Rxd6 Qxb2 24. Kxf1 Qb1+ 25. Ke2 Rfe8 26. f3 Qb2+ 27. Ke1 f6 28. Ne6 Qc1+ 29. Ke2 Qc2+ 30. Ke1 Qxb3 31. Qf4 Qc4 32. Nbc7 Rxc7 33. Nxc7 Qxc7 34. Rxf6 Qc3+ 0-1

[Event "Niedersachsen-ch U18"]
[Site "Rotenburg/Wuemme"]
[Date "2007.04.06"]
[Round "9"]
[White "Hoolt, Rebekka"]
[Black "Juenemann, Marcel"]
[Result "1/2-1/2"]
[WhiteElo "1549"]
[BlackElo "1920"]
[PlyCount "64"]
[EventDate "2007.03.31"]
[EventType "swiss"]
[EventRounds "9"]
[EventCountry "GER"]
[SourceTitle "EXT 2008"]
[Source "ChessBase"]
[SourceDate "2007.11.25"]
[SourceVersion "1"]
[SourceVersionDate "2007.11.25"]
[SourceQuality "1"]

1. d4 d5 2. Nc3 Nf6 3. Bg5 Bf5 4. Nf3 e6 5. a3 Be7 6. e3 0-0 7. Be2 Nbd7 8. 0-0 c5 9. Nh4 Bg6 10. Nxg6 hxg6 11. g3 Qc7 12. h4 Bd6 13. Nb5 Qb8 14. Nxd6 Qxd6 15. Kg2 Ne4 16. Bf4 Qe7 17. Rh1 Rac8 18. g4 f6 19. Bg3 cxd4 20. exd4 Nb6 21. c3 Nc4 22. Qc2 Rc6 23. Bd3 Nxg3 24. Kxg3 Qc7+ 25. Kg2 Qf4 26. Be2 f5 27. gxf5 Rxf5 28. Bxc4 Rxc4 29. Rae1 Rf6 30. Re3 Qxd4 31. Rhh3 Qg4+ 32. Reg3 Qf5 1/2-1/2

[Event "GER-chT Nord-West U20"]
[Site "Germany"]
[Date "2006.12.17"]
[Round "?"]
[White "Colpe, Malte"]
[Black "Juenemann, Marcel"]
[Result "1-0"]
[WhiteElo "2020"]
[BlackElo "1893"]
[PlyCount "55"]
[EventDate "2006.09.24"]
[EventType "team"]
[EventRounds "9"]
[EventCountry "GER"]
[SourceTitle "EXT 2008"]
[Source "ChessBase"]
[SourceDate "2007.11.25"]
[SourceVersion "1"]
[SourceVersionDate "2007.11.25"]
[SourceQuality "1"]

1. e4 c5 2. Nf3 d6 3. d4 cxd4 4. Nxd4 Nf6 5. Nc3 a6 6. Bc4 e6 7. Bb3 b5 8. a3 Be7 9. 0-0 0-0 10. Be3 Bb7 11. f3 Nc6 12. Nxc6 Bxc6 13. Ne2 d5 14. Nd4 Bc5 15. e5 Nd7 16. Kh1 Qc7 17. f4 Bb6 18. c3 Nc5 19. Bc2 Rad8 20. Qh5 Ne4 21. Rf3 Bxd4 22. Bxd4 Be8 23. Qh4 Rc8 24. Rh3 h6 25. g4 Qd8 26. g5 Kh7 27. Rg1 Rc4 28. g6+ 1-0

[Event "Hannover-ch U18"]
[Site "Lehrte"]
[Date "2006.10.16"]
[Round "6"]
[White "Juenemann, Marcel"]
[Black "Maetzig, Jonas"]
[Result "1-0"]
[WhiteElo "1702"]
[BlackElo "1590"]
[PlyCount "87"]
[EventDate "2006.10.14"]
[EventType "swiss"]
[EventRounds "7"]
[EventCountry "GER"]
[SourceTitle "EXT 2021"]
[Source "ChessBase"]
[SourceDate "2020.10.23"]
[SourceVersion "1"]
[SourceVersionDate "2020.10.23"]
[SourceQuality "1"]

1. e4 e5 2. Nf3 Nc6 3. Bb5 a6 4. Ba4 Nf6 5. 0-0 d6 6. Re1 Be7 7. c3 0-0 8. h3 b5 9. Bb3 Na5 10. Bc2 c5 11. d4 cxd4 12. cxd4 Nc6 13. Nc3 Re8 14. Ne2 Bb7 15. Ng3 Bf8 16. Bb3 g6 17. h4 h5 18. Ng5 Re7 19. Be3 Qd7 20. f4 Qg4 21. Qxg4 Nxg4 22. dxe5 dxe5 23. f5 Nxe3 24. Rxe3 Nd4 25. fxg6 Nxb3 26. gxf7+ Rxf7 27. Rxb3 Rf4 28. Nf5 Bxe4 29. Nxe4 Rxe4 30. Rg3+ Rg4 31. Rxg4+ hxg4 32. Re1 Kf7 33. Rxe5 Kf6 34. Rd5 Ke6 35. Ne3 Bh6 36. Rd3 Bxe3+ 37. Rxe3+ Kf5 38. Kf2 Rd8 39. Ke2 Rd6 40. g3 Rd5 41. Re8 Rd6 42. Rf8+ Kg6 43. Rg8+ Kh5 44. Rg5+ 1-0

[Event "Hannover-ch U18"]
[Site "Lehrte"]
[Date "2006.10.14"]
[Round "2"]
[White "Koeritz, Jan Hendrik"]
[Black "Juenemann, Marcel"]
[Result "0-1"]
[WhiteElo "1567"]
[BlackElo "1702"]
[PlyCount "50"]
[EventDate "2006.10.14"]
[EventType "swiss"]
[EventRounds "7"]
[EventCountry "GER"]
[SourceTitle "EXT 2021"]
[Source "ChessBase"]
[SourceDate "2020.10.23"]
[SourceVersion "1"]
[SourceVersionDate "2020.10.23"]
[SourceQuality "1"]

1. e4 c5 2. Nf3 d6 3. d4 cxd4 4. Nxd4 Nf6 5. Nc3 a6 6. a4 e5 7. Nb3 Be6 8. Nd5 Nxd5 9. exd5 Bf5 10. Bd3 Bg6 11. Qe2 Be7 12. 0-0 Nd7 13. Be3 Qc7 14. Rac1 Rc8 15. Bxg6 hxg6 16. Rfd1 f5 17. Rd3 f4 18. Bd2 Nf6 19. Rc3 Qd7 20. Qd3 Kf7 21. Rxc8 Qxc8 22. Bc3 e4 23. Qe2 f3 24. gxf3 Qh3 25. Qe3 Rh4 0-1

[Event "GER North-chT U16"]
[Site "Magdeburg"]
[Date "2006.08.28"]
[Round "5.1"]
[White "Schwarzat, Julian"]
[Black "Juenemann, Marcel"]
[Result "1/2-1/2"]
[WhiteElo "1776"]
[BlackElo "1687"]
[PlyCount "33"]
[EventDate "2006.08.26"]
[EventType "team"]
[EventRounds "7"]
[EventCountry "GER"]
[SourceTitle "EXT 2007"]
[Source "ChessBase"]
[SourceDate "2006.11.23"]
[SourceVersion "1"]
[SourceVersionDate "2006.11.23"]
[SourceQuality "1"]

1. e4 c5 2. Nf3 d6 3. d4 cxd4 4. Nxd4 Nf6 5. Nc3 a6 6. f3 e5 7. Nb3 Be6 8. Be3 Be7 9. Qd2 Nbd7 10. 0-0-0 b5 11. Qf2 0-0 12. g4 Rc8 13. Kb1 b4 14. Nd5 Bxd5 15. exd5 a5 16. Bb5 Rb8 17. Bc6 1/2-1/2

[Event "Niedersachsen-chT U14"]
[Site "Verden"]
[Date "2006.05.25"]
[Round "1.1"]
[White "Schulz, Jens"]
[Black "Juenemann, Marcel"]
[Result "1-0"]
[WhiteElo "1564"]
[BlackElo "1710"]
[PlyCount "103"]
[EventDate "2006.05.25"]
[EventType "team"]
[EventRounds "7"]
[EventCountry "GER"]
[SourceTitle "EXT 2007"]
[Source "ChessBase"]
[SourceDate "2006.11.23"]
[SourceVersion "1"]
[SourceVersionDate "2006.11.23"]
[SourceQuality "1"]

1. d4 Nf6 2. Nf3 g6 3. Bg5 Bg7 4. Nbd2 d6 5. e4 0-0 6. c3 Nbd7 7. Bd3 c5 8. 0-0 h6 9. Bh4 g5 10. Bg3 Qb6 11. Nc4 Qd8 12. a4 d5 13. exd5 Nxd5 14. Ne3 Nxe3 15. fxe3 cxd4 16. exd4 Qb6 17. Qc2 a5 18. Rae1 Re8 19. Ne5 Nxe5 20. Bxe5 Bxe5 21. Rxe5 Bd7 22. Bh7+ Kg7 23. Bf5 Bxf5 24. Qxf5 f6 25. Rb5 Qc7 26. Qc5 Rec8 27. Rf5 e6 28. Qxc7+ Rxc7 29. Rxa5 Rd8 30. Rfc5 Re7 31. Rcb5 e5 32. d5 Red7 33. Ra7 Kf8 34. c4 Rc7 35. b3 Rdd7 36. Ra8+ Kf7 37. Rb6 e4 38. Rb8 e3 39. Kf1 f5 40. Rxh6 f4 41. d6 Rc6 42. Rh7+ Ke6 43. Rxd7 Kxd7 44. Rxb7+ Kxd6 45. Rb5 Rc5 46. Rxc5 Kxc5 47. a5 g4 48. a6 Kb6 49. Ke2 Kxa6 50. g3 f3+ 51. Kxe3 Ka5 52. h4 1-0

[Event "Niedersachsen-ch U16"]
[Site "Rotenburg/Wuemme"]
[Date "2006.04.09"]
[Round "3"]
[White "Kusmierek, Phillip"]
[Black "Juenemann, Marcel"]
[Result "1-0"]
[WhiteElo "1937"]
[BlackElo "1942"]
[PlyCount "71"]
[EventDate "2006.04.08"]
[EventType "swiss"]
[EventRounds "9"]
[EventCountry "GER"]
[SourceTitle "EXT 2007"]
[Source "ChessBase"]
[SourceDate "2006.11.23"]
[SourceVersion "1"]
[SourceVersionDate "2006.11.23"]
[SourceQuality "1"]

1. e4 c5 2. Nc3 d6 3. g3 Nc6 4. Bg2 g6 5. d3 Bg7 6. Be3 e6 7. Qd2 Nge7 8. Bh6 Bxh6 9. Qxh6 Nd4 10. Rc1 Nec6 11. Qg7 Rf8 12. Nge2 h5 13. 0-0 Bd7 14. Qh6 Qf6 15. Nxd4 Nxd4 16. Qe3 0-0-0 17. f4 Qe7 18. Nd1 h4 19. c3 Nc6 20. d4 hxg3 21. hxg3 Rh8 22. e5 Rh5 23. Bf3 Rh3 24. Bg4 cxd4 25. cxd4 Rh7 26. Nc3 Rdh8 27. Bf3 Qf8 28. Nb5 dxe5 29. Nxa7+ Kb8 30. Nxc6+ Bxc6 31. Qxe5+ Ka8 32. Qa5+ Kb8 33. Bxc6 Qd6 34. Bg2 Qxd4+ 35. Rf2 f6 36. Qc5 1-0

[Event "Niedersachsen-ch"]
[Site "Verden"]
[Date "2006.01.05"]
[Round "1"]
[White "Juenemann, Marcel"]
[Black "Heitmann, Jannik"]
[Result "1-0"]
[WhiteElo "1966"]
[BlackElo "866"]
[PlyCount "35"]
[EventDate "2006.01.??"]
[EventType "swiss"]
[EventRounds "7"]
[EventCountry "GER"]
[SourceTitle "CBM 110 Extra"]
[Source "ChessBase"]
[SourceDate "2006.03.10"]
[SourceVersion "2"]
[SourceVersionDate "2006.03.10"]
[SourceQuality "1"]

1. e4 e5 2. Nf3 Nc6 3. Bb5 a6 4. Ba4 Bc5 5. 0-0 b5 6. Bb3 Nf6 7. c3 0-0 8. d4 exd4 9. cxd4 Bb6 10. e5 Ng4 11. Ng5 Nh6 12. Qd3 Re8 13. Qxh7+ Kf8 14. Qh8+ Ke7 15. Qxg7 Rh8 16. Nxf7 Qf8 17. Qf6+ Ke8 18. Bxh6 1-0

[Event "Niedersachsen-ch U18"]
[Site "Rotenburg/Wuemme"]
[Date "2005.03.19"]
[Round "1"]
[White "Schulze, Dorothee"]
[Black "Juenemann, Marcel"]
[Result "0-1"]
[WhiteElo "1966"]
[BlackElo "1608"]
[PlyCount "66"]
[EventDate "2005.03.19"]
[EventType "swiss"]
[EventRounds "9"]
[EventCountry "GER"]
[SourceTitle "EXT 2007"]
[Source "ChessBase"]
[SourceDate "2006.11.23"]
[SourceVersion "1"]
[SourceVersionDate "2006.11.23"]
[SourceQuality "1"]

1. e4 c5 2. Nf3 d6 3. d4 cxd4 4. Nxd4 Nf6 5. Nc3 a6 6. Be3 e5 7. Nb3 Be6 8. Be2 Be7 9. 0-0 b5 10. Bf3 0-0 11. Qd2 Nbd7 12. Rad1 Nb6 13. Bg5 Nc4 14. Qc1 h6 15. Bh4 b4 16. Bxf6 Bxf6 17. Nd5 Bg5 18. Qb1 a5 19. Be2 Rc8 20. Rfe1 a4 21. Bxc4 Rxc4 22. Nd2 Bxd5 23. exd5 Bxd2 24. Rxd2 Qg5 25. Ree2 f5 26. f3 Rf4 27. Rd3 e4 28. fxe4 fxe4 29. Rd4 Qf6 30. Rd1 Rf2 31. Re3 Qf4 32. Rde1 Qg5 33. g3 Qg4 0-1

[Event "GER-chT North U16"]
[Site "Syke"]
[Date "2004.09.17"]
[Round "4.2"]
[White "Juenemann, Marcel"]
[Black "Becker, Nils"]
[Result "1/2-1/2"]
[WhiteElo "1615"]
[BlackElo "2023"]
[PlyCount "84"]
[EventDate "2004.09.16"]
[EventType "team-swiss"]
[EventRounds "7"]
[EventCountry "GER"]
[SourceTitle "EXT 2006"]
[Source "ChessBase"]
[SourceDate "2005.11.24"]
[SourceVersion "1"]
[SourceVersionDate "2005.11.24"]
[SourceQuality "1"]

1. e4 c5 2. Nf3 Nc6 3. d4 cxd4 4. Nxd4 g6 5. c4 Nf6 6. Nc3 d6 7. Be2 Nxd4 8. Qxd4 Bg7 9. Be3 0-0 10. Qd2 Be6 11. 0-0 Qa5 12. Rac1 Rfc8 13. b3 a6 14. f4 b5 15. f5 b4 16. fxe6 bxc3 17. exf7+ Kh8 18. Qc2 Qe5 19. Bf3 d5 20. cxd5 Nxd5 21. exd5 Qxe3+ 22. Kh1 Rf8 23. d6 Ra7 24. Rfe1 Qc5 25. dxe7 Rxe7 26. Rxe7 Qxe7 27. Bd5 Rd8 28. Qe4 Qxe4 29. Bxe4 Bh6 30. Rf1 Kg7 31. f8Q+ Rxf8 32. Rxf8 Kxf8 33. Bd3 Ke7 34. Kg1 Kd6 35. Kf1 Kc5 36. Ke2 Kb4 37. Kd1 a5 38. Kc2 Bd2 39. a4 Kc5 40. h4 Kd4 41. h5 gxh5 42. Bxh7 h4 1/2-1/2

[Event "GER-chT North U16"]
[Site "Syke"]
[Date "2004.09.16"]
[Round "2.2"]
[White "Klink, Otto"]
[Black "Juenemann, Marcel"]
[Result "1-0"]
[WhiteElo "1794"]
[BlackElo "1615"]
[PlyCount "115"]
[EventDate "2004.09.16"]
[EventType "team-swiss"]
[EventRounds "7"]
[EventCountry "GER"]
[SourceTitle "EXT 2006"]
[Source "ChessBase"]
[SourceDate "2005.11.24"]
[SourceVersion "1"]
[SourceVersionDate "2005.11.24"]
[SourceQuality "1"]

1. d4 d5 2. Nf3 c6 3. Bf4 Bf5 4. e3 Nf6 5. h3 e6 6. Bd3 Bxd3 7. Qxd3 Bd6 8. Ne5 0-0 9. Nd2 Qc7 10. c3 Nbd7 11. Ndf3 Ne4 12. 0-0 f6 13. Nxd7 Qxd7 14. Bxd6 Qxd6 15. Rad1 Rf7 16. Rfe1 Raf8 17. Nd2 Nxd2 18. Rxd2 e5 19. e4 f5 20. f3 fxe4 21. fxe4 exd4 22. e5 Qe7 23. cxd4 Rf6 24. Qe3 Re6 25. a3 Qf7 26. Rf2 Qe7 27. Rxf8+ Qxf8 28. Rf1 Qe7 29. b4 b6 30. Rc1 a5 31. bxa5 bxa5 32. Rc5 a4 33. Qc3 Qb7 34. Qb4 Qxb4 35. axb4 Kf7 36. Ra5 Re7 37. Kf2 a3 38. Rxa3 Rb7 39. Ra4 g6 40. Ke3 h6 41. g3 Rc7 42. Kd3 Ke6 43. Ra6 Kf7 44. Kc3 h5 45. Kb3 g5 46. Ka4 g4 47. hxg4 hxg4 48. Ka5 Ke8 49. Kb6 Kd7 50. Ra7 Rxa7 51. Kxa7 Kc7 52. Ka6 Kc8 53. Kb6 Kd7 54. b5 cxb5 55. Kxb5 Ke7 56. Kc6 Ke6 57. Kc5 Kf5 58. Kxd5 1-0

[Event "Niedersachsen-ch U14"]
[Site "Borkum"]
[Date "2004.04.07"]
[Round "7"]
[White "Kusmierek, Phillip"]
[Black "Juenemann, Marcel"]
[Result "1/2-1/2"]
[WhiteElo "1324"]
[BlackElo "1378"]
[PlyCount "46"]
[EventDate "2004.04.??"]
[EventType "swiss"]
[EventRounds "9"]
[EventCountry "GER"]
[SourceTitle "EXT 2005"]
[Source "ChessBase"]
[SourceDate "2004.11.15"]
[SourceVersion "1"]
[SourceVersionDate "2004.11.15"]
[SourceQuality "1"]

1. e4 c5 2. Nf3 d6 3. d4 cxd4 4. Qxd4 Nc6 5. Bb5 Bd7 6. Bxc6 Bxc6 7. Nc3 Nf6 8. Bg5 e5 9. Qd3 Be7 10. 0-0-0 Rc8 11. Bxf6 gxf6 12. Nd5 Bxd5 13. Qxd5 Qc7 14. Qd3 Qc5 15. Rd2 Bf8 16. Kd1 Rg8 17. Nh4 Qb4 18. b3 Rc3 19. Qd5 Rc5 20. Qd3 Rc3 21. Qd5 Rc6 22. g3 Bh6 23. Rd3 Bf8 1/2-1/2

[Event "Niedersachsen-chT U12"]
[Site "Verden"]
[Date "2002.06.18"]
[Round "7.1"]
[White "Schiele, Florian"]
[Black "Juenemann, Marcel"]
[Result "0-1"]
[WhiteElo "896"]
[BlackElo "1154"]
[PlyCount "114"]
[EventDate "2002.06.15"]
[EventType "team"]
[EventRounds "7"]
[EventCountry "GER"]
[SourceTitle "EXT 2003"]
[Source "ChessBase"]
[SourceDate "2002.11.25"]
[SourceVersion "1"]
[SourceVersionDate "2002.11.25"]
[SourceQuality "1"]

1. e4 c5 2. Nc3 Nc6 3. Bc4 d6 4. Nf3 Nf6 5. d3 Bg4 6. h3 Bxf3 7. Qxf3 Nd4 8. Qd1 g6 9. Be3 Qa5 10. 0-0 Bg7 11. Nd5 Nxd5 12. Bxd5 e6 13. Bxd4 Bxd4 14. Bxb7 Rb8 15. Bc6+ Ke7 16. e5 Bxe5 17. c3 Rxb2 18. Qc1 Bxc3 19. Re1 Bxe1 20. Qxb2 Bc3 21. Qb7+ Kf8 22. Rc1 Bf6 23. Qb8+ Qd8 24. Qxa7 Kg7 25. a4 Qc8 26. Bb7 Qc7 27. a5 Rb8 28. a6 Be7 29. Rb1 d5 30. Qb6 Qxb6 31. Rxb6 c4 32. a7 Rd8 33. dxc4 Bc5 34. Ra6 Bxa7 35. Rxa7 Rd7 36. c5 Kf8 37. c6 Rc7 38. Ba8 Rxa7 39. Bb7 Ra1+ 40. Kh2 Rc1 41. Kg3 Ke7 42. Kf4 f6 43. g4 Kd6 44. g5 f5 45. h4 Re1 46. Kf3 d4 47. Ba6 Kxc6 48. h5 Kd5 49. Bd3 e5 50. Kg2 e4 51. Ba6 d3 52. Bc8 d2 53. Bxf5 gxf5 54. g6 hxg6 55. h6 d1Q 56. Kg3 Rg1+ 57. Kf4 Qf3# 0-1

[Event "Niedersachsen-chT U12"]
[Site "Verden"]
[Date "2002.06.17"]
[Round "6.1"]
[White "Juenemann, Marcel"]
[Black "Ginten, Steffen"]
[Result "1-0"]
[WhiteElo "1154"]
[BlackElo "788"]
[PlyCount "63"]
[EventDate "2002.06.15"]
[EventType "team"]
[EventRounds "7"]
[EventCountry "GER"]
[SourceTitle "EXT 2003"]
[Source "ChessBase"]
[SourceDate "2002.11.25"]
[SourceVersion "1"]
[SourceVersionDate "2002.11.25"]
[SourceQuality "1"]

1. e4 e5 2. Nf3 Nc6 3. Bb5 d6 4. d4 exd4 5. Nxd4 Bd7 6. Nc3 a6 7. Ba4 Be7 8. 0-0 Bf6 9. Be3 Be5 10. f4 Bxd4 11. Bxd4 Nf6 12. Qd3 Rb8 13. Rae1 0-0 14. Bxf6 Qxf6 15. Bxc6 Bxc6 16. g4 b5 17. g5 Qe7 18. Nd5 Bxd5 19. Qxd5 Qe6 20. Qxe6 fxe6 21. f5 exf5 22. exf5 g6 23. f6 Rb6 24. Rf3 Rc6 25. c3 a5 26. Rh3 b4 27. cxb4 axb4 28. Re7 Rc1+ 29. Kg2 Rc2+ 30. Kf1 Rxb2 31. Rg7+ Kh8 32. Rhxh7# 1-0